| 000 | 01053nam a2200313 i 4500 | ||
|---|---|---|---|
| 001 | 84934 | ||
| 003 | ES-MaBCM | ||
| 005 | 20241016125108.0 | ||
| 008 | 050121s2002 esp 000 0 spa d | ||
| 017 | _aB.6416-2002 | ||
| 020 | _a84-95027-91-7 | ||
| 021 | _axx | ||
| 035 | _a(OCoLC)1365177405 | ||
| 040 | _cES-MaBCM | ||
| 041 | 0 | _aspa | |
| 043 | _aesp | ||
| 080 | _a341.24(6-17):341.17(4) | ||
| 100 | 1 |
_aPalomares Amat, Miquel _935159 |
|
| 245 | 1 | 4 |
_aLos acuerdos internacionales concluidos entre las Comunidades Europeas y los países terceros mediterráneos _cMiquel Palomares Amat |
| 260 |
_aBarcelona : _bCentro de Estudios de Derecho, Economía y Ciencias Sociales, _c2002 |
||
| 300 |
_a254 p. _c23 cm |
||
| 440 | 0 |
_aDerecho monografía _9102557 |
|
| 650 | 2 | 7 |
_aRelación internacional _960079 |
| 650 | 2 | 4 |
_aUnión Europea _952895 |
| 651 | 2 | 4 |
_aMediterráneo (Región) _9115422 |
| 655 | 4 |
_aTratado internacional _960525 |
|
| 710 | 2 |
_aCentro de Estudios de Derecho, Economía y Ciencias Sociales _950757 _c (Barcelona) |
|
| 942 | _cBK | ||
| 999 |
_c84934 _d84934 |
||